Президенты США - Statistics

General Stats
  • This quiz has been taken 296 times
  • The average score is 18 of 47
Answer Stats
Hint Answer % Correct
47 Дональд Трамп
98%
45 Дональд Трамп
98%
44 Барак Обама
95%
46 Джо Байден
92%
1 Джордж Вашингтон
87%
43 Джордж Буш — младший
78%
41 Джордж Буш — старший
78%
35 Джон Кеннеди
76%
16 Авраам Линкольн
72%
32 Франклин Рузвельт
70%
26 Теодор Рузвельт
69%
42 Билл Клинтон
62%
40 Рональд Рейган
57%
37 Ричард Никсон
44%
33 Гарри Трумэн
42%
34 Дуайт Эйзенхауэр
38%
36 Линдон Джонсон
35%
39 Джимми Картер
33%
3 Томас Джефферсон
33%
38 Джеральд Форд
32%
17 Эндрю Джонсон
31%
6 Джон Куинси Адамс
31%
2 Джон Адамс
31%
28 Вудро Вильсон
30%
31 Герберт Гувер
25%
5 Джеймс Монро
24%
23 Бенджамин Гаррисон
22%
9 Уильям Гаррисон
22%
7 Эндрю Джексон
21%
18 Улисс Грант
20%
27 Уильям Тафт
18%
25 Уильям Мак-Кинли
17%
24 Гровер Кливленд
17%
22 Гровер Кливленд
17%
4 Джеймс Мэдисон
16%
30 Калвин Кулидж
15%
20 Джеймс Гарфилд
15%
15 Джеймс Бьюкенен
15%
12 Закари Тейлор
15%
29 Уоррен Гардинг
14%
11 Джеймс Нокс Полк
14%
21 Честер Артур
13%
8 Мартин Ван Бюрен
13%
14 Франклин Пирс
12%
10 Джон Тайлер
12%
19 Ратерфорд Хейс
10%
13 Миллард Филлмор
10%
No matching quizzes found
Score Distribution
Percent of People with Each Score
Percentile by Number Answered
Your Score History
You have not taken this quiz